Представление документа в формате MARC21

Поле Инд. ПП Название Значение
Тип записи a
Библиографический уровень b
001 Контрольный номер RU/IS/BASE/194354149
005 Дата корректировки 20200630193221.0
008 Кодируемые данные 20060227
084 a Индекс другой классификации/Индекс ББК 60.561.51; 63.3(2)5-75
100 1_ a Автор Носкова А. В.
q Полное имя Носкова Антонина Владимировна
245 a Заглавие О влиянии различных факторов на сохранение до XX в. расширенной структуры семьи в России
504 a Библиография Библиогр. ссылки
520 a Аннотация В статье рассматриваются экономические, религиозные, территориальные факторы, государство и общественное сознание, оказавшие большое влияние на формирование расширенной структуры семьи в России XVII - XIX вв.
650 a Основная рубрика история
a Основная рубрика социология
a Основная рубрика социология семьи
653 a Ключевые слова XIX век
a Ключевые слова XVII век
a Ключевые слова XVIII век
a Ключевые слова государство
a Ключевые слова историческая социология
a Ключевые слова история семьи
a Ключевые слова нуклеарная семья
a Ключевые слова правовой статус семьи
a Ключевые слова расширенная семья
a Ключевые слова Россия
a Ключевые слова семейные отношения
a Ключевые слова семья
a Ключевые слова структура семьи
773 t Заглавие источника Вестник Московского университета. Серия 18, Социология и политология
d Дата издания источника 2005
g Прочая информация № 4. - С. 153 - 165 : табл.
w Контрольный № источника RU/IS/BASE/193325762
901 t Тип документа b